Biblioteka Instytutu Północnego w Olsztynie

Widok standardowy Widok MARC

Pozycja Personal Name

Liczba rekordów, w których użyto hasła: 1

001 - Numer kontrolny

  • control field: 39754

003 - Identyfikator numeru kontrolnego

  • control field: NUKAT

005 - Data i czas ostatniej modyfikacji

  • control field: 20260409122020.0

008 - Dane kontrolne kodowane (40 znaków)

  • fixed length control field: 190508n||a|znnaabn |a aaa |c

010 ## - Numer kontrolny Biblioteki Kongresu

  • numer kontrolny LC: n 2019007765

024 7# - OTHER STANDARD IDENTIFIER

  • Standard number or code: 29156009836149580978
  • Source of number or code: viaf

040 ## - Instytucja sporządzająca rekord

  • inst. przygot. dane do rek. khw: KAT U/AW
  • język haseł przedmiotowych/tezaurus: kaba
  • inst. wprow. rek. khw: KAT U/AW

100 1# - Hasło - nazwa osobowa

  • nazwa osobowa w formie ujednoliconej: Tęsiorowski, Jarosław.

670 ## - Źródło informacji

  • źródło informacji: Obudzić naród do wielkości / wybór Cecylia Kuta, Jarosław Tęsiorowski ; wstęp i opracowanie Cecylia Kuta ; Instytut Pamięci Narodowej Komisja Ścigania Zbrodni przeciwko Narodowi Polskiemu. - Warszawa, 2019.
Biblioteka Instytutu Północnego, ul. Partyzantów 87, 10-402 Olsztyn, email: biblioteka(at)ip.olsztyn.pl